000 00645nam a22001817a 4500
999 _c168183
_d168183
010 _aB-730452
020 _a9789353040529
_c250.00
035 _aB-730452
037 _adpl
_bRupa Publication
082 _a793.73
100 _aAshley, Berty
245 _aQuizzes for quirky minds /
_cby Berty Ashley
260 _aNew Delhi
_bRupa Publications
_c2018
270 _a4379/4B, Prakash House, Ansari Road,
_bNew Delhi
_e110002
300 _a206p.
_c20cm(pbk)
942 _2ddc
_cCH
_mASH
_h793.73